The New Bible commentary; (Record no. 6756)
[ view plain ]
| 000 -LEADER | |
|---|---|
| fixed length control field | 00855cam a2200277 4500 |
| 001 - CONTROL NUMBER | |
| control field | 3159063 |
| 003 - CONTROL NUMBER IDENTIFIER | |
| control field | GBCCL |
| 005 - DATE AND TIME OF LATEST TRANSACTION | |
| control field | 20241126110610.0 |
| 008 - FIXED-LENGTH DATA ELEMENTS--GENERAL INFORMATION | |
| fixed length control field | 700916s1970 enk 000 0 eng |
| 010 ## - | |
| -- | 74503086 |
| 015 ## - | |
| -- | B70-13139 |
| 020 ## - INTERNATIONAL STANDARD BOOK NUMBER | |
| International Standard Book Number | 0851106153 |
| 040 ## - CATALOGING SOURCE | |
| Original cataloging agency | DLC |
| Transcribing agency | DLC |
| Modifying agency | DLC |
| 050 00 - | |
| -- | BS491.2 |
| -- | .G8 1970b |
| 082 00 - DEWEY DECIMAL CLASSIFICATION NUMBER | |
| Classification number | 220.7 |
| Item number | NEW |
| 100 1# - MAIN ENTRY--PERSONAL NAME | |
| Personal name | Guthrie, Donald, |
| Dates associated with a name | 1916-1992. |
| 9 (RLIN) | 4068 |
| 245 14 - TITLE STATEMENT | |
| Title | The New Bible commentary; |
| Statement of responsibility, etc. | edited by D. Guthrie [and] J. A. Motyer; consulting editors: A. M. Stibbs [and] D. J. Wiseman. |
| 250 ## - EDITION STATEMENT | |
| Edition statement | 3rd ed., completely revised. |
| 260 ## - PUBLICATION, DISTRIBUTION, ETC. | |
| Place of publication, distribution, etc. | London, |
| Name of publisher, distributor, etc. | Inter-Variety P., |
| Date of publication, distribution, etc. | 1970. |
| 300 ## - PHYSICAL DESCRIPTION | |
| Extent | xv, 1310 p. |
| Dimensions | 25 cm. |
| 350 ## - PRICE (NR) (BK AM CF MU VM SE) [OBSOLETE] | |
| Price | 60/- |
| 630 00 - SUBJECT ADDED ENTRY--UNIFORM TITLE | |
| Uniform title | Bible |
| General subdivision | Commentaries. |
| 9 (RLIN) | 1243 |
| 700 1# - ADDED ENTRY--PERSONAL NAME | |
| Personal name | Motyer, J. A., |
| Relator term | ed. |
| 9 (RLIN) | 4637 |
| 906 ## - LOCAL DATA ELEMENT F, LDF (RLIN) | |
| a | 7 |
| b | cbc |
| c | orignew |
| d | 3 |
| e | ncip |
| f | 19 |
| g | y-gencatlg |
| 942 ## - ADDED ENTRY ELEMENTS (KOHA) | |
| Source of classification or shelving scheme | Dewey Decimal Classification |
| Koha item type | Reference Books |
| Withdrawn status | Lost status | Source of classification or shelving scheme | Damaged status | Not for loan | Home library | Current Library | Shelving location | Date acquired | Total checkouts | Full call number | Barcode | Date last seen | Copy number | Price effective from | Koha item type |
|---|---|---|---|---|---|---|---|---|---|---|---|---|---|---|---|
| Dewey Decimal Classification | GRACE BIBLE COLLEGE | GRACE BIBLE COLLEGE | Commentary | 2018-06-06 | 220.7 NEW | 008427 | 2025-05-01 | c.1 | 2018-06-06 | Reference Books |